000 00851cam a2200253 a 4500
001 1090800
005 20250226180110.0
008 920220s1993 wiua b 001 0 eng
020 _a0697105431
050 0 0 _aBF371
_b.E525 1993
082 0 0 _a153
_220
100 1 _aEllis, Henry C.
_q(Henry Carlton),
_c1927-
245 1 0 _aFundamentals of cognitive psychology /
_cHenry C. Ellis, R. Reed Hunt.
250 _a5th ed.
260 _aMadison, Wis. :
_bBrown & Benchmark,
_cc1993..
300 _axxii, 409 p. :
_bill. ;
_c23 cm.
500 _aRev. ed. of: Fundamentals of human memory and cognition. 4th ed. 1989.
650 0 _aMemory.
650 0 _aCognition.
650 0 _aCognitive psychology.
700 1 _aHunt, R. Reed.
700 1 _aEllis, Henry C.
_q(Henry Carlton),
_d1927-.
_tFundamentals of human memory and cognition
942 _2lcc
_cBK
_n0
999 _c4386
_d4386